000 00615nam a2200241Ia 4500
003 OSt
005 20221005115500.0
006 a|||||r|||| 00| 0
007 ta
008 221004b |||||||| |||| 00| 0 mal d
024 _a54582
037 _cTextual
040 _aCRL
_cCRL
_bmal
041 _2mal
_amal
082 _aO32,1N35,2, L8
100 _aRamaKrishnan
_9220888
245 0 _aChathurangam
260 _c1978
650 _a MALAYALAM POETRY
_9185636
650 _aMALAYALAM LITERATURE
_938866
942 _hO32,1N35,2, L8
_cTEXL
_2cc
999 _c1034968
_d1034968